Trois Villes, Un Pays #3 - Statistiques

Statistiques générales
  • Ce quiz a été pris 96 fois
  • Le résultat moyen est 10 sur 15
Statistiques - réponses
Villes Pays % Correct
Évreux, Béziers, Cayenne France
100%
Dallas, San Francisco, Philadelphie États-Unis
99%
Fès, Tanger, Agadir Maroc
95%
Bonn, Hanovre, Aix-la-Chapelle Allemagne
91%
Odessa, Zaporija, Donetsk Ukraine
89%
Monterrey, Acapulco, Tijuana Mexique
85%
Auckland, Christchurch, Rotorua Nouvelle-Zélande
84%
Dar es Salam, Zanzibar, Mwanza Tanzanie
66%
Ürümqi, Lhassa, Kachgar Chine
61%
Nuuk, Aarhus, Odense Danemark
60%
Malacca, Penang, Kuching Malaisie
45%
Qom, Mechhed, Chiraz Iran
40%
Encamp, La Massana, Sant Julià de Lòria Andorre
26%
Chittagong, Khulnâ, Bogra Bangladesh
26%
Hargeisa, Bosasso, Merka Somalie
14%
Aucun quiz correspondant
Distribution des résultats
% des personnes avec chaque résultat
Percentile par nombre de réponses
Votre historique - résultats
Vous n’avez pas pris ce quiz